|
|
|
|
| LEADER |
02832cam a2200685 a 4500 |
| 001 |
nkc20102129310 |
| 003 |
CZ PrNK |
| 005 |
20110623102557.0 |
| 007 |
ta |
| 008 |
100903s2010 xr ac e c 000 0 cze d |
| 015 |
|
|
|a cnb002129310
|
| 020 |
|
|
|a 978-80-86752-84-6
|q (brož.)
|
| 035 |
|
|
|a (OCoLC)741401685
|
| 040 |
|
|
|a KLG001
|b cze
|d OLA001
|
| 043 |
|
|
|a e------
|a e-xr---
|
| 045 |
|
|
|a u-x-
|
| 072 |
|
7 |
|a 316.7
|x Sociologie kultury. Kulturní život
|2 Konspekt
|9 1
|
| 080 |
|
|
|a 728.8:929.7
|2 MRF
|
| 080 |
|
|
|a 316.728:061.2
|2 MRF
|
| 080 |
|
|
|a 929.7
|2 MRF
|
| 080 |
|
|
|a 316.728
|2 MRF
|
| 080 |
|
|
|a 379.81/.84
|2 MRF
|
| 080 |
|
|
|a 738/749.05
|2 MRF
|
| 080 |
|
|
|a 72/76:069.5
|2 MRF
|
| 080 |
|
|
|a (4)
|2 MRF
|
| 080 |
|
|
|a (437.3)
|2 MRF
|
| 080 |
|
|
|a (083.824)
|2 MRF
|
| 100 |
1 |
|
|a Křížová, Alena,
|d 1956-
|7 xx0001716
|4 aut
|
| 245 |
1 |
0 |
|a Pánský salon na šlechtickém sídle :
|b ušlechtilé záliby a neřestné zábavy aristokratů /
|c Alena Křížová
|
| 246 |
3 |
0 |
|a Ušlechtilé záliby a neřestné zábavy aristokratů
|
| 250 |
|
|
|a Vyd. 1.
|
| 260 |
|
|
|a V Brně :
|b Národní památkový ústav, územní odborné pracoviště,
|c 2010
|
| 300 |
|
|
|a 56 s. :
|b barev. il., portréty ;
|c 20 cm
|
| 500 |
|
|
|a Vydáno k výstavě na Státním zámku Vranov nad Dyjí
|
| 504 |
|
|
|a Obsahuje bibliografii
|
| 648 |
|
7 |
|a 17.-20. století
|7 ch757026
|2 czenas
|
| 650 |
0 |
7 |
|a šlechtická sídla
|7 ph127825
|z Evropa
|y 17.-20. stol.
|2 czenas
|
| 650 |
0 |
7 |
|a společenské salony
|7 ph125926
|z Evropa
|y 17.-20. stol.
|2 czenas
|
| 650 |
0 |
7 |
|a šlechtici
|7 ph127824
|z Evropa
|y 17.-20. stol.
|2 czenas
|
| 650 |
0 |
7 |
|a životní styl
|7 ph136586
|z Evropa
|y 17.-20. stol.
|2 czenas
|
| 650 |
0 |
7 |
|a zájmy a záliby
|7 ph228439
|2 czenas
|
| 650 |
0 |
7 |
|a umělecké předměty
|7 ph116532
|y 17.-20. stol.
|2 czenas
|
| 650 |
0 |
7 |
|a umělecké sbírky
|7 ph135222
|z Česko
|2 czenas
|
| 650 |
0 |
9 |
|a residences of nobility
|z Europe
|y 17th-20th centuries
|2 eczenas
|
| 650 |
0 |
9 |
|a intellectual salons
|z Europe
|y 17th-20th centuries
|2 eczenas
|
| 650 |
0 |
9 |
|a noblemen
|z Europe
|y 17th-20th centuries
|2 eczenas
|
| 650 |
0 |
9 |
|a life style
|z Europe
|y 17th-20th centuries
|2 eczenas
|
| 650 |
0 |
9 |
|a amusement and recreation
|2 eczenas
|
| 650 |
0 |
9 |
|a art objects
|y 17th-20th centuries
|2 eczenas
|
| 650 |
0 |
9 |
|a art collections
|z Czechia
|2 eczenas
|
| 655 |
|
7 |
|a katalogy výstav
|7 fd132536
|2 czenas
|
| 655 |
|
9 |
|a exhibition catalogs
|2 eczenas
|
| 710 |
2 |
|
|a Vranov nad Dyjí (zámek)
|7 mzk2003201218
|
| 910 |
2 |
|
|a BOA001
|b 1-1263.947
|
| 928 |
9 |
|
|a Národní památkový ústav, územní odborné pracoviště v Brně
|
| 990 |
|
|
|a BK
|
| 995 |
|
|
|a 01
|
| 991 |
|
|
|b 201106
|c NOV
|e n
|
| 996 |
6 |
|
|b 2610479418
|c 1-1263.947
|l MZK
|r Sklad / do 1 hodiny
|n 4
|p p.v.
|w 001182458
|u 000010
|a 1
|e BOA001
|j MZK50
|s P
|
| 996 |
7 |
|
|b 2610479419
|c 1-1263.947
|l MZK
|r Sklad / do 1 hodiny
|n 16
|p p.v.
|w 001182458
|u 000020
|a 1
|e BOA001
|j MZK50
|s A
|